| 000 | 03798cam a2200433 a 4500 | ||
|---|---|---|---|
| 005 | 2012010906466.0 | ||
| 010 | _aB-476395-412 | ||
| 020 |
_a9788189934668 _c175.00 |
||
| 035 | _aB-476395-412 | ||
| 037 | _bBlue Berry/Ven | ||
| 082 | _aS | ||
| 100 |
_aNagarajan, Mallika _952501 |
||
| 245 |
_aThe elephant in the tree / _cby Mallika Nagarajan |
||
| 260 |
_aNew Delhi _bKatha _c2010 |
||
| 270 |
_aA3 Sarvodaya Enclave Sri Aurobindo Marg, _bNew Delhi _e110017 _k26524350 _l26514373 _mkathavilasam@katha.org |
||
| 300 |
_aunpages _c24cm(pbk) _bill. |
||
| 650 |
_aShort stories, Indic _xTranslations into English. _952502 |
||
| 650 |
_aIndic fiction _y20th century _xTranslations into English. _952503 |
||
| 942 |
_2ddc _cCH _mNAG _hS |
||
| 999 |
_c60500 _d60500 |
||